Normal view
MARC view
- Ronda, Rainier Allan.
Entry Personal Name
001 - CONTROL NUMBER
- control field: 46919
003 - CONTROL NUMBER IDENTIFIER
- control field: OSt
005 - DATE AND TIME OF LATEST TRANSACTION
- control field: 20221129135447.0
008 - FIXED-LENGTH DATA ELEMENTS
- fixed length control field: 221129|| aca||aabn | a|a d
040 ## - CATALOGING SOURCE
- Original cataloging agency: OSt
- Transcribing agency: OSt
100 ## - HEADING--PERSONAL NAME
- Personal name: Ronda, Rainier Allan.
670 ## - SOURCE DATA FOUND
- Source citation: Work cat.: (OSt): Ronda, Rainier Allan., Complaints vs. erring online lenders drop / , December 3, 2019.
